000 00390nam a22001217a 4500
999 _c10254
_d10254
003 OSt
008 201218b ||||| |||| 00| 0 eng d
245 _aInventi Impact Human Resource
250 _a2015(Jan-Mar Vol.2015 No.1, Apr-Jun Vol.2015 No.2, Jul-Sep Vol.2015 No.3, Oct-Dec Vol.2015 No.4)
260 _aBhopal, M.P.
_bInventi Journals (P) Ltd
650 _aManagement
942 _2ddc
_cBV